West African financial and economic review / West African Institute for Financial and Economic Management. (Record no. 38772)
[ view plain ]
| 000 -LEADER | |
|---|---|
| fixed length control field | 00656nam a2200169Ia 4500 |
| 022 ## - INTERNATIONAL STANDARD SERIAL NUMBER | |
| ISSN | 9783604074 |
| 050 ## - CALL MARK | |
| Classification number | HC 1000 .A1 W48/ |
| 245 #0 - TITLE STATEMENT | |
| Title | West African financial and economic review / West African Institute for Financial and Economic Management. |
| 260 ## - PUBLICATION, DISTRIBUTION, ETC. (IMPRINT) | |
| Place of publication | Lagos |
| 260 ## - PUBLICATION, DISTRIBUTION, ETC. (IMPRINT) | |
| Name of publisher | West African Institute for Financial and Economic Management. |
| 260 ## - PUBLICATION, DISTRIBUTION, ETC. (IMPRINT) | |
| Year of publication | 2014 |
| 300 ## - PHYSICAL DESCRIPTION | |
| Number of Pages | 1-141 (Others) p. : ill. ; 25 cm. |
| 650 ## - SUBJECT ADDED ENTRY--TOPICAL TERM | |
| Topical Term | Finance--Africa, West--Periodicals. Africa, West--Economic conditions--Periodicals. Africa, West--Economic policy--Periodicals. |
| 942 ## - ADDED ENTRY ELEMENTS (KOHA) | |
| Koha item type | Serials |
No items available.